000 00373nam a2200145 i 4500
001 57088
003 ES-MaACL
005 20230906163518.0
007 t|
008 031015s1971 sp ||||1| lat d
245 0 0 _aDirectorium liturgicum burgense 1972.
260 _aBurgis :
_bTypis Aldecoa,
_c[1971]
300 _a99 p. ;
_c16 cm.
852 _aES-MaACL
_jC-47701
_bR.80322
999 _c57088
_d57088